| 000 | 00336nam a2200133 a 4500 | ||
|---|---|---|---|
| 001 | 5431 | ||
| 003 | CDMR | ||
| 005 | 20130116135308.0 | ||
| 008 | 130130s1988||||||||||||||||||||||||||||d | ||
| 040 |
_aCDMR _bcat _cCPC GIRONA |
||
| 245 | 0 | _aPlan de estudios | |
| 260 |
_c1988 _bEscuela Superior de Relaciones Públicas de Barcelona |
||
| 942 | _cMON | ||
| 999 |
_c5431 _d5431 |
||